000 00595nam a2200241Ia 4500
003 OSt
005 20221005123635.0
006 a|||||r|||| 00| 0
007 ta
008 221004b |||||||| |||| 00| 0 tam d
024 _a52224
037 _cTextual
040 _aCRL
_cCRL
_btam
041 _2tam
_atam
082 _aV2,1xM88,1, 31K4
100 _aRadhakrishnan
245 0 _aMadhaththil kizhakkummerkum
260 _c1964
300 _a241p.
_ccm.
650 _aHISTORY
942 _hV2,1xM88,1, 31K4
_cTEXL
_2cc
999 _c1047995
_d1047995